000 00228nam a2200097Ia 4500
008 230907s9999||||xx |||||||||||||| ||und||
082 _a307.1216
_bPLA
245 0 _aPlanning for climate change :
300 _a391 p.
942 _cBK
999 _c600454
_d600454